Object talks from A to Z: (Record no. 9944)

000 -LEADER
fixed length control field 00541nam a2200181 a 4500
001 - CONTROL NUMBER
control field :::00007729$&:&@@
003 - CONTROL NUMBER IDENTIFIER
control field OkBaRHE
005 - DATE AND TIME OF LATEST TRANSACTION
control field 20000607103339.0
008 - FIXED-LENGTH DATA ELEMENTS--GENERAL INFORMATION
fixed length control field s1987 j 000 0 eng u
040 ## - CATALOGING SOURCE
Transcribing agency
100 1# - MAIN ENTRY--PERSONAL NAME
Personal name DeWolf, Carol.
245 10 - TITLE STATEMENT
Title Object talks from A to Z:
Remainder of title ages 5-10.
260 ## - PUBLICATION, DISTRIBUTION, ETC. (IMPRINT)
Place of publication, distribution, etc Cincinnati, OH., :
Name of publisher, distributor, etc Standard Publishing
Date of publication, distribution, etc c1987
300 ## - PHYSICAL DESCRIPTION
Extent 60 p.;
Dimensions 28 cm.
650 ## - SUBJECT ADDED ENTRY--TOPICAL TERM
Topical term or geographic name as entry element Object-teaching
942 ## - ADDED ENTRY ELEMENTS (KOHA)
Source of classification or shelving scheme
Koha item type Books
Copies
Permanent Location Shelving location Copy number Date last seen Lost status Barcode Koha item type Full call number Damaged status Price effective from Source of classification or shelving scheme Withdrawn status Date acquired Not for loan
RHEMA Bible Training CollegeGeneral Stacks12010-04-14 7729BooksBV 1535 .D4 2010-04-14  2010-04-14